000 00826nam a22002777a 4500
001 BR6000668
003 BR-BrBNA
005 20230928083037.0
007 ta
008 230509b bl.||||| |||| 00| 0 por d
040 _aBR-BrBNA
_bpor
_cBiblioteca Nacional de Agricultura
041 _a(Por)
072 _aF00; A50
_b/G514
090 _ F00 BR6000668
110 1 _aInstituto de Pesquisa Agropecuaria do Nordeste, Recife, PE (Brasil). Estacao Experimental de Itapirema
_96086
245 1 _aPesquisas fitotecnicas; Plano de trabalho. [Recife; Brasil]
260 3 _aRecife, PE (Brasil):
_c1973.
300 _a20 p.
500 _a17 tables
650 _aProducao vegetal
650 _aProjeto de pesquisa
650 _aPesquisa agricola
650 _aRecife
909 _a202309
_bLucia
_c55
_dLucia Elande
942 _cBK
999 _c11252
_d11252